Online
Catalog

La reliquia / (Record no. 24542)

MARC details
000 -CABECERA
campo de control de longitud fija 00730nam a2200229 a 4500
001 - NÚMERO DE CONTROL
campo de control 000025049
005 - FECHA Y HORA DE LA ÚLTIMA TRANSACCIÓN
campo de control 20200930023530.0
008 - DATOS DE LONGITUD FIJA--INFORMACIÓN GENERAL
campo de control de longitud fija 110209s1982 mx r 000 f spa d
020 ## - NÚMERO INTERNACIONAL ESTÁNDAR DEL LIBRO
Número Internacional Estándar del Libro 9682311942
040 ## - FUENTE DE LA CATALOGACIÓN
Centro catalogador/agencia de origen DO-SdBNP
Lengua de catalogación spa
Centro/agencia transcriptor BNPHU
082 ## - NÚMERO DE LA CLASIFICACIÓN DECIMAL DEWEY
Número de clasificación 869.3
Número de documento/Ítem E17r
049 ## - FONDOS LOCALES (OCLC)
Fondos de biblioteca BNGR
100 1# - ENTRADA PRINCIPAL--NOMBRE DE PERSONA
Nombre de persona Queiroz, Eça de
Fechas asociadas al nombre 1845-1900
9 (RLIN) 51393
245 10 - MENCIÓN DE TÍTULO
Título La reliquia /
Mención de responsabilidad, etc. Eça de Queiroz ; traducción de Ramón del Valle-Inclán.
260 ## - PUBLICACIÓN, DISTRIBUCIÓN, ETC.
Lugar de publicación, distribución, etc. México, D. F. :
Nombre del editor, distribuidor, etc. Siglo XXI Editores,
Fecha de publicación, distribución, etc. 1982.
300 ## - DESCRIPCIÓN FÍSICA
Extensión 194 p. ;
Dimensiones 18 cm.
490 1# - MENCIÓN DE SERIE
Mención de serie De la gran literatura
650 #4 - PUNTO DE ACCESO ADICIONAL DE MATERIA--TÉRMINO DE MATERIA
Término de materia o nombre geográfico como elemento de entrada Novela portuguesa
9 (RLIN) 12951
650 #4 - PUNTO DE ACCESO ADICIONAL DE MATERIA--TÉRMINO DE MATERIA
Término de materia o nombre geográfico como elemento de entrada Literatura portuguesa
9 (RLIN) 12952
700 1# - PUNTO DE ACCESO ADICIONAL--NOMBRE DE PERSONA
Nombre de persona Valle-Inclán, Ramón del
Término indicativo de función/relación tr.
9 (RLIN) 21515
830 #0 - PUNTO DE ACCESO ADICIONAL DE SERIE-TÍTULO UNIFORME
Título uniforme De la gran literatura
9 (RLIN) 29430
Holdings
Estado de retiro Estado de pérdida Restricciones de uso No para préstamo Código de colección Localización permanente Ubicación/localización actual Ubicación en estantería Fecha de adquisición Número de inventario Total de préstamos Signatura topográfica completa Código de barras Fecha visto por última vez Precio válido a partir de Tipo de ítem Koha
        Monografías: Libros y Folletos General General En catalogación 09.02.2011 LF1   869.3 E17r 25049-10 25.06.2020 25.06.2020 Préstamo en sala

Powered by Koha